LIBRARY & INFORMATION CENTRE, KCAET, TAVANUR

ONLINE PUBLIC ACCESS CATALOGUE (OPAC)

Development of semi-continuous ultrasound assisted infrared dryer for food products / (Record no. 19440)

MARC details
000 -LEADER
fixed length control field 00420nam a2200145 4500
003 - CONTROL NUMBER IDENTIFIER
control field OSt
082 ## - DEWEY DECIMAL CLASSIFICATION NUMBER
Classification number 664
Item number JAH/DE
088 ## - REPORT NUMBER
Report number T 639
100 ## - MAIN ENTRY--AUTHOR NAME
Personal name Jahana Thasneem P
245 ## - TITLE STATEMENT
Title Development of semi-continuous ultrasound assisted infrared dryer for food products /
260 ## - PUBLICATION, DISTRIBUTION, ETC. (IMPRINT)
Place of publication Tavanur :
Name of publisher Department of Processing and Food Engineering,
Year of publication 2025
300 ## - PHYSICAL DESCRIPTION
Number of Pages 381p.
700 ## - ADDED ENTRY--PERSONAL NAME
Personal name Rajesh G. K (Guide)
942 ## - ADDED ENTRY ELEMENTS (KOHA)
Koha item type Theses
Holdings
Collection code Home library Current library Full call number Accession Number Koha item type Public note
Reference KAUAET KAUAET 664 JAH/DE T 639 Theses M.Tech Thesis
free website counter